000 00342nam a22001217a 4500
082 _a629.83 THA'H
100 _aBROWN, ROBERT G,THALER, GEORGE J
_980334
245 _aANALYSIS AND DESIGN OF FEEDBACK CONTROL SYSTENS FORMERLY SERVOMECHANISM ANALYSIS
250 _a2ND
260 _aNEWYORK
_bMCGRAW HILL
_c1960
300 _a648P
942 _cBK
999 _c585287
_d585287